<?xml version="1.0" encoding="UTF-8"?>
<record
    xmlns:xsi="http://www.w3.org/2001/XMLSchema-instance"
    xsi:schemaLocation="http://www.loc.gov/MARC21/slim http://www.loc.gov/standards/marcxml/schema/MARC21slim.xsd"
    xmlns="http://www.loc.gov/MARC21/slim">

  <leader>01338nam a2200289 a 4500</leader>
  <controlfield tag="001">BRCA_937</controlfield>
  <controlfield tag="005">20190320203219.0</controlfield>
  <controlfield tag="008">980610s1997    mx-a---##b---#001-0#spa-#</controlfield>
  <datafield tag="020" ind1=" " ind2=" ">
    <subfield code="a">9686258590</subfield>
  </datafield>
  <datafield tag="040" ind1=" " ind2=" ">
    <subfield code="a">DLC</subfield>
    <subfield code="c">DLC</subfield>
    <subfield code="d">DLC</subfield>
  </datafield>
  <datafield tag="050" ind1=" " ind2="4">
    <subfield code="a">NK5962</subfield>
    <subfield code="b">.E88 1997</subfield>
  </datafield>
  <datafield tag="100" ind1="1" ind2=" ">
    <subfield code="a">Estella Marcos, Margarita M.</subfield>
    <subfield code="9">3092</subfield>
  </datafield>
  <datafield tag="245" ind1="1" ind2="0">
    <subfield code="a">Marfiles</subfield>
    <subfield code="b">de las provincias ultramarinas orientales de Espa&#xF1;a y Portugal</subfield>
    <subfield code="c">Margarita Mercedes Estella Marcos ; pr&#xF3;logo Guillermo Tovar de Teresa ; edici&#xF3;n Lydia Sada de Gonz&#xE1;lez ; fotograf&#xED;a Jos&#xE9; Ignacio Gonz&#xE1;lez Manterola.</subfield>
  </datafield>
  <datafield tag="260" ind1=" " ind2=" ">
    <subfield code="a">Monterrey, M&#xE9;xico</subfield>
    <subfield code="b">Cydsa</subfield>
    <subfield code="c">1997</subfield>
  </datafield>
  <datafield tag="300" ind1=" " ind2=" ">
    <subfield code="a">351 p.</subfield>
    <subfield code="b">il. a color, mapas</subfield>
    <subfield code="c">34 cm.</subfield>
  </datafield>
  <datafield tag="500" ind1=" " ind2=" ">
    <subfield code="a">Incluye &#xED;ndice onom&#xE1;stico y glosario</subfield>
  </datafield>
  <datafield tag="504" ind1=" " ind2=" ">
    <subfield code="a">Bibliograf&#xED;a: p. 341-345</subfield>
  </datafield>
  <datafield tag="650" ind1="1" ind2="4">
    <subfield code="a">Marfiles</subfield>
    <subfield code="v">Cat&#xE1;logos</subfield>
    <subfield code="x">Influencias portuguesas</subfield>
    <subfield code="z">Asia del Sur</subfield>
    <subfield code="9">3093</subfield>
  </datafield>
  <datafield tag="650" ind1="1" ind2="4">
    <subfield code="a">Marfiles</subfield>
    <subfield code="v">Cat&#xE1;logos</subfield>
    <subfield code="x">Influencias espa&#xF1;olas</subfield>
    <subfield code="z">Filipinas</subfield>
    <subfield code="9">3094</subfield>
  </datafield>
  <datafield tag="650" ind1="1" ind2="4">
    <subfield code="a">Arte cristiano y simbolismo</subfield>
    <subfield code="v">Cat&#xE1;logos</subfield>
    <subfield code="y">Periodo moderno, 1500-</subfield>
    <subfield code="z">Asia del Sur</subfield>
    <subfield code="9">3095</subfield>
  </datafield>
  <datafield tag="650" ind1="1" ind2="4">
    <subfield code="a">Arte cristiano y simbolismo</subfield>
    <subfield code="v">Cat&#xE1;logos</subfield>
    <subfield code="z">Filipinas</subfield>
    <subfield code="9">3096</subfield>
  </datafield>
  <datafield tag="650" ind1="1" ind2="4">
    <subfield code="a">Marfiles</subfield>
    <subfield code="v">Trabajos Ilustrados</subfield>
    <subfield code="x">Influencias portuguesas</subfield>
    <subfield code="z">Asia del Sur</subfield>
    <subfield code="9">3097</subfield>
  </datafield>
  <datafield tag="700" ind1="1" ind2=" ">
    <subfield code="a">Tovar de Teresa, Guillermo</subfield>
    <subfield code="9">3098</subfield>
  </datafield>
  <datafield tag="700" ind1="1" ind2=" ">
    <subfield code="a">Sada de Gonz&#xE1;lez, Lydia</subfield>
    <subfield code="9">3099</subfield>
  </datafield>
  <datafield tag="700" ind1="1" ind2=" ">
    <subfield code="a">Gonz&#xE1;lez Manterola, Jos&#xE9; Ignacio</subfield>
    <subfield code="9">2339</subfield>
  </datafield>
  <datafield tag="942" ind1=" " ind2=" ">
    <subfield code="2">lcc</subfield>
    <subfield code="c">B</subfield>
  </datafield>
  <datafield tag="999" ind1=" " ind2=" ">
    <subfield code="c">826</subfield>
    <subfield code="d">826</subfield>
  </datafield>
  <datafield tag="952" ind1=" " ind2=" ">
    <subfield code="0">0</subfield>
    <subfield code="1">0</subfield>
    <subfield code="4">0</subfield>
    <subfield code="7">0</subfield>
    <subfield code="a">BRCA</subfield>
    <subfield code="b">BRCA</subfield>
    <subfield code="d">2008-06-26</subfield>
    <subfield code="l">0</subfield>
    <subfield code="o">NK5962 .E88 1997</subfield>
    <subfield code="p">01427</subfield>
    <subfield code="r">2019-03-22 00:00:00</subfield>
    <subfield code="w">2019-03-22</subfield>
    <subfield code="y">B</subfield>
  </datafield>
</record>
